000 00709nam a2200289Ia 4500
005 20260324124211.0
008 008 260324s9999 xx 000 0 eng d
020 _a9780203873168
037 _aEBOOK
040 _aCRL
040 _beng
040 _cCRL
041 _2eng
041 _aeng
084 _qCRL
100 _aSusan Engel
_91173233
245 4 _aThe World Bank and the post-Washington Consensus in Vietnam and Indonesia
245 0 _bInheritance of Loss
260 _bTaylor and Francis
260 _c2010
365 _a
365 _b255
856 _uhttp://www.taylorfrancis.com/books/9780203873168
942 _cEBOOK
999 _c1767418
_d1767418